| 000 | 02795nam0a2200397 4500 | ||
|---|---|---|---|
| 001 | RU\NLR\BIBL_A\012583346 | ||
| 005 | 20211029110024.0 | ||
| 010 |
_a978-5-394-04529-5 _9500 |
||
| 021 |
_aRU _bКН-П-21-028057 _9КН-П-21-2169 |
||
| 035 | _a(NLR Aleph) 012583346 | ||
| 090 |
_a12528888 _c12528888 |
||
| 100 | _a20210820d2021 k y0rusy50 ca | ||
| 101 | 0 | _arus | |
| 102 | _aRU | ||
| 105 | _aa|||j|||000zy | ||
| 181 | 0 |
_ai3 _bab2e |
|
| 182 | 0 | _an | |
| 200 | 1 |
_aСинергия предпринимательства _eучебник _eдля использования в учебном процессе образовательных организаций, реализующих программы высшего образования по направлениям подготовки "Экономика", "Менеджмент", "Государственное и муниципальное управление" (уровень магистратуры) _fИ.К. Ларионов - д.э.н., профессор, заслуженный деятель науки РФ, А.В. Новичков - д.э.н., профессор, Т.С. Сальникова - к.э.н., доцент (руководители авторского коллектива) [и др.] _gпод редакцией д.э.н., профессора, заслуженного деятеля науки Российской Федерации И.К. Ларионова [и др.] _gАкадемия труда и социальных отношений (АТиСО) |
|
| 203 |
_aТекст _bвизуальный _cнепосредственный |
||
| 205 | _a3-е изд., перераб. и доп. | ||
| 210 |
_aМосква _cДашков и К° _d2021 |
||
| 215 |
_a298, [2] с. _cил. _d22 |
||
| 225 | 1 | _aУчебные издания для магистров | |
| 300 | _aАвт. указаны на обороте тит. с. | ||
| 320 | _aБиблиогр. в подстроч. примеч. | ||
| 606 | 1 |
_aПредпринимательство _yРоссийская Федерация _jУчебники для высших учебных заведений _2nlr_sh1 _2nlr_sh2 _3RU\NLR\AUTH\661248355 |
|
| 686 | 1 | _aУ9(2)-13(2Р)я73 | |
| 701 | 1 |
_aЛарионов _bИ. К. _gИгорь Константинович _3RU\NLR\AUTH\770190036 |
|
| 701 | 1 |
_aНовичков _bА. В. _gАндрей Викторович |
|
| 701 | 1 |
_aСальникова _bТ. С. _gТатьяна Сергеевна |
|
| 712 | 0 | 2 |
_aАкадемия труда и социальных отношений _cМосква _3RU\NLR\AUTH\889951944 _4570 |
| 942 | _cBOOK | ||
| 980 | _aNB | ||